| 000 | 01242nam a2200253Ia 4500 | ||
|---|---|---|---|
| 999 |
_c3804 _d3804 |
||
| 003 | OSt | ||
| 005 | 20200408000655.0 | ||
| 008 | 191128s1998 ck gr 000 0 spa d | ||
| 020 | _a9589636438 | ||
| 040 |
_aCO-JMCR _cCO-JMCR |
||
| 041 | 0 | _aspa | |
| 082 | 0 | 4 |
_a323.042 / _bC755t _221 |
| 110 | 1 |
_aColombia. _bConsejo Nacional de Planeación _92748 |
|
| 245 | 1 | 0 |
_aTrocha regional ciudadana : _bla ciudadanía teje la vida local y regional / _cConsejo Nacional de Planeación |
| 250 | _aPrimera edición | ||
| 260 |
_aBogotá : _bIntergráficas, _c1998 |
||
| 300 |
_a439 páginas ; _c21 cm. |
||
| 490 | 0 | _aPlanea Nación | |
| 505 | 0 | _aTrocha nacional ciudadana / Consejo nacional de planeación -- Discusión de la Trocha nacional ciudadana / Tercer congreso del sistema nacional de planeación y participativa -- Aportes a la Trocha nacional ciudadana | |
| 520 | _aEl consejo nacional de planeación fue creado por el artículo 340 de la Constitución política de 1991. Está integrado por los representantes de las entidades territoriales y de los sectores económicos, sociales, ecológicos. | ||
| 650 | 1 | 4 |
_aParticipación social _zColombia _92757 |
| 650 | 1 | 4 |
_aPlanes de desarrollo _xmetodología _zColombia _92758 |
| 942 |
_2ddc _cBK |
||